=LDR 00000nam 2200000 4500 =001 INLIS000000000062531 =005 20240521075230 =035 ##$$a 0010-0823000194 =007 ta =008 230821################e##########0#ind## =100 #$$a Mamat Zaenudin =245 1#$$a Keindahan Ungkapan Iltifat dalam AL-Quran /$c Mamat Zaenudin =300 ##$$a 264 halaman ; $c 21 cm =020 ##$$a 979-3944-82-x =082 ##$$a 492.75 =084 ##$$a 492.75 MAM k =264 ##$$a Bandung :$b Nuansa Aulia,$c 2006 =336 ##$$a teks$2 rdacontent =337 ##$$a tanpa perantara$2 rdamedia =338 ##$$a volume$2 rdacarrier =600 #4$$a Bahasa Arab -Tata Bahasa =990 ##$$a 5202300722